| 000 | 00684nam a2200229Ia 4500 | ||
|---|---|---|---|
| 003 | OSt | ||
| 005 | 20221007081011.0 | ||
| 006 | a|||||r|||| 00| 0 | ||
| 007 | ta | ||
| 008 | 221006b |||||||| |||| 00| 0 eng d | ||
| 024 | _a11,582 | ||
| 037 | _cTextual | ||
| 040 |
_aFLL _cFLL _beng |
||
| 041 |
_2eng _aeng |
||
| 082 | _aV1N45:2(Z,171).N6, L0 | ||
| 100 |
_aNincic Djura Au. _9696090 |
||
| 245 | 0 | _aProblem of sovereignty in the charter and in the practice of the united nations | |
| 260 |
_aNew York _bMartinus pub U.S.A. _c1970 |
||
| 300 |
_aix,358p _ccm. |
||
| 942 |
_hV1N45:2(Z,171).N6, L0 _cTEXL _2CC |
||
| 999 |
_c1161628 _d1161628 |
||